LIBRARY & INFORMATION CENTRE, KCAET, TAVANUR

ONLINE PUBLIC ACCESS CATALOGUE (OPAC)

Studies on the effect of active tillage tools on soil properties (Record no. 15754)

MARC details
000 -LEADER
fixed length control field 00384nam a22001337a 4500
003 - CONTROL NUMBER IDENTIFIER
control field OSt
008 - FIXED-LENGTH DATA ELEMENTS--GENERAL INFORMATION
fixed length control field 191001b ||||| |||| 00| 0 eng d
082 ## - DEWEY DECIMAL CLASSIFICATION NUMBER
Classification number 631
Item number AMR/ST
100 ## - MAIN ENTRY--AUTHOR NAME
Personal name Amrutha, K.
245 ## - TITLE STATEMENT
Title Studies on the effect of active tillage tools on soil properties
260 ## - PUBLICATION, DISTRIBUTION, ETC. (IMPRINT)
Place of publication Tavanur
Name of publisher Department ofm farm Machinery and Power Engineering
300 ## - PHYSICAL DESCRIPTION
Number of Pages 140.
942 ## - ADDED ENTRY ELEMENTS (KOHA)
Koha item type Theses
Holdings
Withdrawn status Lost status Damaged status Home library Current library Date acquired Full call number Accession Number Koha item type Public note
      KAUAET KAUAET 01/10/2019 631 AMR/ST T 464 Theses M.Tech Thesis
free website counter